000 nam a22 7a 4500
999 _c8750
_d8750
008 180119b ||||| |||| 00| 0 eng d
100 _aGupta.V.P.etal.
_95092
245 _aLets Learn Mathematics
260 _aNew Delhi
_bNCERT
_c2005